000 00592nam a2200145Ia 4500
008 250506s9999 xx 000 0 und d
024 _a07B-01-EE, 09B-25-EE & 09B-60-EE
082 _a629.832072 RAS
100 _aRasil Mehmood, Haseeb Ahmed Siddiqui & Muhammad Qasim
245 0 _aAdvance Wifi Based Industrial Controlling and Monitoring System
260 _aKarachi:
_bUIT,
_c2010
600 _aElectronic Engineering
650 _aBachelor of Engineering (BE)
856 _uhttps://drive.google.com/file/d/1uLSK0dmUsgqXtU6FOMhj4JkqYXWAhgAE/view?usp=sharing
_yClick here to online Reading
999 _c28044
_d28044